000 00306nam a2200109Ia 4500
008 220204s9999 xx 000 0 und d
082 _a338.26(540)
_bTHI;1
245 0 _aThird five year plan: A draft outline
260 _aNew Delhi
_bPlanning Commission
_c1960
650 _aThird five year plan
942 _cBK
999 _c20075
_d20075